Most Populous Polish Cities as a Percent of Their Voivodeship - Statistics

General Stats
  • This quiz has been taken 64 times
  • The average score is 13 of 16
Answer Stats
% Voivodeship City % Correct
33.7 Mazovia Warsaw
100%
20.6 Pomerania Gdańsk
98%
23.3 Lesser Poland Kraków
97%
15.6 Greater Poland Poznań
92%
27.8 Łódź Łódź
90%
23.2 Lower Silesia Wrocław
88%
23.9 West Pomerania Szczecin
87%
25.5 Podlaskie Białystok
83%
16.3 Lublin Lublin
83%
10.4 Pomerania Gdynia
77%
16.7 Kuyavia-Pomerania Bydgoszcz
73%
13.4 Opole Opole
73%
14.1 Lubusz Zielona Góra
67%
15.6 Świętokrzyskie Kielce
63%
12.3 Warmia-Masuria Olsztyn
63%
12.1 Lubusz Gorzów Wielkopolski
55%
No matching quizzes found
Score Distribution
Percent of People with Each Score
Percentile by Number Answered
Your Score History
You have not taken this quiz